000 00360nam a2200145Ia 4500
008 230917s9999||||xx |||||||||||||| ||und||
040 _e139974
_aMAIN
041 _aEnglish
082 _a954.5 S64P
100 _aSingh, Gurharpal
245 0 _aPunjabi identity continuety and change
260 _aNew Delhi
_bManohar
_c1996
300 _a258p p.
942 _cBK
999 _c90220
_d90220